Geography Quiz

Random Geography or World Quiz

Sporcle's Forgotten Countries Quiz Stats

Quiz Updated Jan 29, 2016

Challenge
Share
Tweet
Embed
Score 0/30 Timer 05:00
1 Play Today
% Correct
Suriname
81.1%
Guyana
80%
Bolivia
72.4%
Ecuador
71.8%
San Marino
69.7%
Liechtenstein
67.1%
Venezuela
65%
St. Kitts and Nevis
64.9%
Kosovo
63.3%
Nauru
62.6%
Tuvalu
62.3%
Palau
61.3%
St. Vincent-Grenadines
60.7%
Moldova
60.2%
Vanuatu
59.8%
% Correct
St. Lucia
58.9%
Kiribati
57.6%
Brunei
56.5%
Timor-Leste
56%
Montenegro
54.3%
São Tomé and Príncipe
53.9%
Comoros
53%
Grenada
52.7%
Antigua and Barbuda
52.5%
Cabo Verde
50.2%
Mauritius
47.5%
Maldives
46.1%
Bahrain
44.8%
Kyrgyzstan
43.6%
Burkina Faso
29.4%

You're not logged in!

Compare scores with friends on all Sporcle quizzes.
Join for Free
OR
Log In

You Might Also Like...

Show Comments

Extras

Top Quizzes Today


Score Distribution

Your Account Isn't Verified!

In order to create a playlist on Sporcle, you need to verify the email address you used during registration. Go to your Sporcle Settings to finish the process.

Report this User

Report this user for behavior that violates our Community Guidelines.

Details: